| 000 | 01157nam a22002777a 4500 | ||
|---|---|---|---|
| 001 | 121696 | ||
| 008 | 231103s2023 xxk|||||o|||| 00| 0 eng d | ||
| 020 | _a9781783215102 | ||
| 041 | _aeng | ||
| 100 | _a Todhe, Fauste | ||
| 110 | _aRoyal Institution of Chartered Surveyors | ||
| 245 |
_aDecarbonising the built environment in the EU _bLeveraging RICS standards for effective policy interventions _h[Electronic resource] |
||
| 260 |
_aLondon, _bRoyal Institution of Chartered Surveyors, _cNovember 2023 |
||
| 300 | _a21p. | ||
| 490 | _aRICS Policy Paper | ||
| 520 | _aThis paper covers: the need to decarbonise; European efforts to decarbonise buildings; gap analysis; RICS standards for decarbonising the built environment; recommendations | ||
| 650 | _aCLIMATE CHANGE | ||
| 650 | _aNET ZERO | ||
| 650 | _aDECARBONISATION | ||
| 651 | _aEuropean Union | ||
| 690 |
_96238 _aEnvironment |
||
| 690 |
_96307 _aBuilt Environment |
||
| 710 | _aRoyal Institution of Chartered Surveyors | ||
| 856 |
_uhttps://www.rics.org/content/dam/ricsglobal/documents/reports/rics-cop28-policy-paper-european-union.pdf _zAvailable free on RICS.org |
||
| 942 | _n0 | ||
| 999 |
_c121696 _d121696 |
||